Connaissances necessaires aux amateur d'objets d'art et de curiosité / (Registro nro. 161027)

Detalles MARC
000 -LEADER
campo de control de longitud fija 00509nam a2200145 i 4500
001 - NÚMERO DE CONTROL
campo de control 161027
003 - IDENTIFICADOR DE NÚMERO DE CONTROL
campo de control ES-MaACL
005 - FECHA Y HORA DE LA ÚLTIMA TRANSACCIÓN
campo de control 20230906212159.0
008 - DATOS DE LONGITUD FIJA--INFORMACIÓN GENERAL
campo de control de longitud fija 931025s1879 fr |||| | fre d
100 1# - ENTRADA PRINCIPAL--NOMBRE DE PERSONA
Nombre de persona Oppenheim, Ancel.
9 (RLIN) 130661
245 10 - MENCIÓN DEL TÍTULO
Título Connaissances necessaires aux amateur d'objets d'art et de curiosité /
Mención de responsabilidad, etc. Ancel Oppenheim.
260 ## - PUBLICACIÓN, DISTRIBUCIÓN, ETC.
Lugar de publicación, distribución, etc. Paris :
Nombre del editor, distribuidor, etc. lib. ancien et modern Edouard Rouveyre,
Fecha de publicación, distribución, etc. 1879 (
Lugar de fabricación/manufactura Dijon :
Fabricante Darantiere)
300 ## - DESCRIPCIÓN FÍSICA
Extensión 190 p. ;
Dimensiones 20 cm.
852 ## - LOCALIZACIÓN
Ubicación ES-MaACL
Número de control de estantería G-11657
Nota libre -- Enc. hol.
Existencias
Estatus retirado Estado de pérdida Estado de daño No para préstamo Colección Biblioteca de origen Biblioteca actual Ubicación en estantería Fecha de adquisición Fuente de adquisición Total de préstamos Signatura topográfica completa Código de barras Visto por última vez Precio de reemplazo Tipo de ítem Koha
        Libros del s. XIX Biblioteca del Ateneo de Madrid Biblioteca del Ateneo de Madrid Sala Pecera Planta 3 17/01/2008     G-11657 1168646 23/02/2023 23/02/2023 Libro impreso antiguo